Central Library OPAC University of Rajshahi

The theory and applications of harmonic integrals. (Record no. 6200)

MARC details
000 -LEADER
fixed length control field 00795cam a2200265u 4500
001 - CONTROL NUMBER
control field 6200
003 - CONTROL NUMBER IDENTIFIER
rucl marc code BD-RjUL
005 - DATE AND TIME OF LATEST TRANSACTION
control field 20211208234214.0
008 - FIXED-LENGTH DATA ELEMENTS--GENERAL INFORMATION
fixed length control field 140109r19591952enk 000 0 eng
035 ## - SYSTEM CONTROL NUMBER
System control number (BD-RjUL)6240
040 ## - CATALOGING SOURCE
Original cataloging agency DLC
Transcribing agency CarP
Modifying agency BD-RjUL
Language of cataloging eng
041 ## - LANGUAGE CODE
Language code of text/sound track or separate title eng
082 04 - DEWEY DECIMAL CLASSIFICATION NUMBER
Edition number 21
Classification number 515.42
Author mark and year HOT 1959
100 1# - MAIN ENTRY--PERSONAL NAME
Personal name Hodge, W. V. D.
Fuller form of name (William Vallance Douglas),
Dates associated with a name 1903-
9 (RLIN) 19493
245 14 - TITLE STATEMENT
Title The theory and applications of harmonic integrals.
Statement of responsibility, etc. W. V. D. Hodge
250 ## - EDITION STATEMENT
Edition statement [2d ed.]
260 ## - PUBLICATION, DISTRIBUTION, ETC. (IMPRINT)
Place of publication, distribution, etc. Cambridge [Eng.]
Name of publisher, distributor, etc. University Press,
Date of publication, distribution, etc. 1952 [reprinted 1959].
300 ## - PHYSICAL DESCRIPTION
Pagination ix, 282 p. ;
Size 22 cm.
650 #0 - SUBJECT ADDED ENTRY--TOPICAL TERM
Topical term or geographic name as entry element Integrals.
9 (RLIN) 19494
Topical term or geographic name as entry element Riemann surfaces.
9 (RLIN) 19495
Topical term or geographic name as entry element Continuous groups.
9 (RLIN) 19496
942 ## - ADDED ENTRY ELEMENTS (KOHA)
Source of classification or shelving scheme Dewey Decimal Classification
Koha item type Books
Holdings
Lost status Source of classification or shelving scheme Damaged status Not for loan Collection code Permanent Location Current Location Shelving location Date acquired Source of acquisition Cost, normal purchase price Total Checkouts Full call number Date last seen Copy number Koha item type
  Dewey Decimal Classification   Not For Loan Non-fiction Central Library, University of Rajshahi Central Library, University of Rajshahi   21/10/2069 Zeitlinger 40.00   515.42 HOT 1959 09/01/2014 C-1 Books